[Event "Portuguese Honra"]
[Site "Fatima"]
[Date "2021.04.11"]
[Round "7"]
[White "Lavrador, Rodolfo Manuel"]
[Black "Barrento, Jorge Maria Lopes"]
[Result "0-1"]
[WhiteElo "1815"]
[BlackElo "1724"]
[PlyCount "38"]
[EventDate "2021.04.06"]
[EventType "tourn"]
[EventRounds "9"]
[EventCountry "POR"]
[SourceTitle "CBM 201 Extra"]
[Source "ChessBase"]
[SourceDate "2021.05.31"]
[SourceVersion "1"]
[SourceVersionDate "2021.05.31"]
[SourceQuality "1"]

1. e4 d5 2. exd5 Nf6 3. Nc3 Nxd5 4. Nxd5 Qxd5 5. Nf3 Bg4 6. Be2 Nc6 7. 0-0 0-0-0 8. d3 e5 9. c4 Qd7 10. Be3 f6 11. Qa4 Kb8 12. Rfd1 Nd4 13. Qa5 Nxe2+ 14. Kf1 Nd4 15. b4 b6 16. Qa6 Bxf3 17. gxf3 Qh3+ 18. Ke1 Bxb4+ 19. Bd2 Qxf3 0-1

[Event "Portuguese Honra"]
[Site "Fatima"]
[Date "2021.04.09"]
[Round "5"]
[White "Santos, Ruben Jose Melo"]
[Black "Lavrador, Rodolfo Manuel"]
[Result "1/2-1/2"]
[WhiteElo "1759"]
[BlackElo "1815"]
[PlyCount "105"]
[EventDate "2021.04.06"]
[EventType "tourn"]
[EventRounds "9"]
[EventCountry "POR"]
[SourceTitle "CBM 201 Extra"]
[Source "ChessBase"]
[SourceDate "2021.05.31"]
[SourceVersion "1"]
[SourceVersionDate "2021.05.31"]
[SourceQuality "1"]

1. d4 e6 2. a3 Nf6 3. c4 Be7 4. Nc3 d5 5. Nf3 0-0 6. Bg5 c6 7. e3 Nbd7 8. Bd3 h6 9. Bh4 Re8 10. 0-0 dxc4 11. Bxc4 Nd5 12. Bg3 Bf6 13. Ne4 Be7 14. Rc1 N7f6 15. Nfd2 Nxe4 16. Nxe4 Nf6 17. Bd3 Bd7 18. Nd6 Bxd6 19. Bxd6 Rc8 20. Bc5 e5 21. Bxa7 e4 22. Bc4 Be6 23. Bc5 Bxc4 24. Rxc4 Qd5 25. Qe2 Re6 26. Rfc1 Rce8 27. Ra4 Qg5 28. Ra7 b5 29. Bb4 Nd5 30. Rc5 Rg6 31. g3 h5 32. Ra6 Ree6 33. Qc2 h4 34. Rcxc6 hxg3 35. hxg3 Qg4 36. Rc8+ Kh7 37. Raa8 Rgf6 38. Rh8+ Kg6 39. Be1 Qf3 40. Qd2 Kf5 41. Rh4 Rh6 42. Rh8 Rxh8 43. Rxh8 Rh6 44. Rxh6 gxh6 45. Qc2 Kg4 46. Qc8+ f5 47. Kh2 Nxe3 48. Qg8+ Kh5 49. Qf7+ Kg5 50. Qe7+ Kg6 51. Qd6+ Kg7 52. Qe5+ Kg6 53. Qe6+ 1/2-1/2

[Event "Oeiras Honra"]
[Site "Oeiras"]
[Date "2019.08.17"]
[Round "6"]
[White "Lavrador, Rodolfo Manuel"]
[Black "Horta, Antonio Jose Simoes"]
[Result "0-1"]
[WhiteElo "1840"]
[BlackElo "1843"]
[PlyCount "92"]
[EventDate "2019.08.13"]
[EventType "tourn"]
[EventRounds "9"]
[EventCountry "POR"]
[SourceTitle "EXT 2020"]
[Source "ChessBase"]
[SourceDate "2019.10.17"]
[SourceVersion "1"]
[SourceVersionDate "2019.10.17"]
[SourceQuality "1"]

1. e4 d6 2. d4 Nf6 3. Nc3 Nbd7 4. Nf3 e5 5. dxe5 dxe5 6. Bc4 Be7 7. 0-0 0-0 8. Qe2 c6 9. h3 Qc7 10. Bg5 b5 11. Bb3 Nc5 12. a3 Nxb3 13. cxb3 Be6 14. Nd2 h6 15. Be3 Nd7 16. Rfc1 Qb7 17. b4 Nb6 18. Qh5 Rfd8 19. Ne2 Rd3 20. Ng3 Rxe3 21. fxe3 Bg5 22. Qf3 Rd8 23. Ndf1 Nc4 24. Rc2 g6 25. Qe2 Rd7 26. Rac1 Rd6 27. Nh1 Qb6 28. Rc3 f5 29. Nf2 f4 30. Nd3 fxe3 31. Nc5 Rd2 32. Qe1 Bc8 33. Nxe3 Qd8 34. Nxc4 bxc4 35. R3c2 Qd4+ 36. Kh1 Rd3 37. Nxd3 cxd3 38. Rd2 Bxd2 39. Qxd2 Qxe4 40. Rc3 Bf5 41. Kh2 Qd4 42. Rxc6 e4 43. Qf4 d2 44. Qb8+ Kf7 45. Qb7+ Bd7 46. Rc7 d1Q 0-1

[Event "Cascais Honor"]
[Site "Cascais"]
[Date "2018.08.15"]
[Round "6"]
[White "Santos, Jose Guilherme B Li"]
[Black "Lavrador, Rodolfo Manuel"]
[Result "1-0"]
[WhiteElo "2062"]
[BlackElo "1859"]
[PlyCount "137"]
[EventDate "2018.08.11"]
[EventType "tourn"]
[EventRounds "9"]
[EventCountry "POR"]
[SourceTitle "CBM 186 Extra"]
[Source "ChessBase"]
[SourceDate "2018.08.24"]
[SourceVersion "1"]
[SourceVersionDate "2018.08.24"]
[SourceQuality "1"]

1. Nf3 d5 2. d4 Nf6 3. e3 Bg4 4. Nbd2 Nbd7 5. h3 Bh5 6. c3 e6 7. Qb3 b6 8. Bb5 Bd6 9. Bc6 Rb8 10. c4 Bxf3 11. Nxf3 dxc4 12. Qxc4 Qe7 13. 0-0 0-0 14. e4 e5 15. Bg5 Rbd8 16. Rad1 h6 17. Bh4 Nb8 18. Bg3 Nxc6 19. Qxc6 Nd7 20. d5 f5 21. Nh4 f4 22. Ng6 Qg5 23. Nxf8 Nxf8 24. Bh2 f3 25. g3 Ng6 26. Qc3 Rf8 27. Rd3 Nf4 28. Kh1 Nxd3 29. Qxd3 Qh5 30. Rg1 Bc5 31. Qf1 Bd4 32. b3 Rf6 33. g4 Qg6 34. Qd3 c6 35. dxc6 Rxc6 36. Qxf3 Rf6 37. Qd3 Rxf2 38. Rg2 Qf6 39. Bg3 Rf3 40. Qc4+ Kh7 41. Kh2 a5 42. Rc2 Rf1 43. Qe2 Ra1 44. Rd2 Qf1 45. Qxf1 Rxf1 46. Kg2 Rf7 47. Rc2 g6 48. Rc6 Re7 49. Kf3 Kg7 50. Ke2 Kf7 51. Kd3 Re6 52. Rc7+ Re7 53. Rc8 g5 54. Kc4 Re6 55. Rc7+ Kf6 56. Kd5 Re8 57. Rc6+ Kg7 58. Rc7+ Kf6 59. Rc6+ Kg7 60. Re6 Rd8+ 61. Rd6 Rxd6+ 62. Kxd6 Kf6 63. a4 Bc3 64. Kd5 Bd4 65. Bh2 Bc3 66. Bg1 Ke7 67. Bxb6 Kd7 68. Bc5 Bb2 69. Bf8 1-0

[Event "Cascais Honor"]
[Site "Cascais"]
[Date "2018.08.13"]
[Round "3"]
[White "Santos, Ruben Jose Melo"]
[Black "Lavrador, Rodolfo Manuel"]
[Result "0-1"]
[WhiteElo "1718"]
[BlackElo "1859"]
[PlyCount "52"]
[EventDate "2018.08.11"]
[EventType "tourn"]
[EventRounds "9"]
[EventCountry "POR"]
[SourceTitle "CBM 186 Extra"]
[Source "ChessBase"]
[SourceDate "2018.08.24"]
[SourceVersion "1"]
[SourceVersionDate "2018.08.24"]
[SourceQuality "1"]

1. a3 e5 2. e3 d5 3. d4 e4 4. c4 c6 5. Nc3 Nf6 6. Qb3 Be7 7. cxd5 cxd5 8. Bd2 0-0 9. Nge2 Nc6 10. Nf4 Na5 11. Qa2 Be6 12. b4 Nc6 13. Be2 Rc8 14. f3 Bd6 15. Nxe6 fxe6 16. fxe4 Nxe4 17. Nxe4 Qh4+ 18. Ng3 Bxg3+ 19. Kd1 Bd6 20. Bf3 Rxf3 21. gxf3 Qf2 22. Re1 Qxf3+ 23. Re2 Bxh2 24. b5 Ne7 25. Bb4 Nf5 26. Ke1 Bg1 0-1

[Event "Cascais Honor"]
[Site "Cascais"]
[Date "2018.08.12"]
[Round "2"]
[White "Lavrador, Rodolfo Manuel"]
[Black "Santos, Isabel Pereira Dos"]
[Result "1/2-1/2"]
[WhiteElo "1859"]
[BlackElo "1789"]
[PlyCount "113"]
[EventDate "2018.08.11"]
[EventType "tourn"]
[EventRounds "9"]
[EventCountry "POR"]
[SourceTitle "CBM 186 Extra"]
[Source "ChessBase"]
[SourceDate "2018.08.24"]
[SourceVersion "1"]
[SourceVersionDate "2018.08.24"]
[SourceQuality "1"]

1. e4 c6 2. d4 d5 3. Nc3 dxe4 4. Nxe4 Nd7 5. Nf3 Ngf6 6. Nxf6+ Nxf6 7. Bd3 e6 8. 0-0 c5 9. dxc5 Bxc5 10. Qe2 0-0 11. Bg5 Be7 12. Rad1 Qa5 13. a3 h6 14. Bc1 Bd7 15. Ne5 Rad8 16. Rfe1 a6 17. c4 Ba4 18. Rd2 Nd7 19. Nxd7 Rxd7 20. b4 Qd8 21. Bb1 Rxd2 22. Bxd2 Qd4 23. Qe4 Qxe4 24. Bxe4 Rd8 25. Bc3 Rd7 26. g3 Bb3 27. c5 a5 28. Kg2 f5 29. Bf3 Kf7 30. h4 Bd5 31. Bxd5 Rxd5 32. Re2 Bf6 33. Rc2 Bxc3 34. Rxc3 axb4 35. axb4 Ke7 36. Kf3 g5 37. hxg5 hxg5 38. Ke3 e5 39. b5 Kd7 40. Rd3 Ke6 41. Rc3 Kd7 42. f3 Kc7 43. g4 fxg4 44. fxg4 Rd4 45. Kf3 Rf4+ 46. Kg3 Rb4 47. Re3 e4 48. b6+ Kc6 49. Rc3 Rd4 50. Kf2 Rd5 51. Ke3 Rd3+ 52. Rxd3 exd3 53. Kxd3 Kxc5 54. Ke4 Kxb6 55. Kf5 Kc6 56. Kxg5 b5 57. Kf4 1/2-1/2

[Event "POR-ch Seniors 65"]
[Site "Luso"]
[Date "2018.03.28"]
[Round "5"]
[White "Lavrador, Rodolfo Manuel"]
[Black "Antao, Jorge"]
[Result "1-0"]
[WhiteElo "1866"]
[BlackElo "1861"]
[PlyCount "61"]
[EventDate "2018.03.25"]
[EventType "swiss"]
[EventRounds "5"]
[EventCountry "POR"]
[SourceTitle "EXT 2019"]
[Source "ChessBase"]
[SourceDate "2018.10.10"]
[SourceVersion "1"]
[SourceVersionDate "2018.10.10"]
[SourceQuality "1"]

1. e4 d5 2. exd5 Qxd5 3. Nc3 Qd8 4. Nf3 Bg4 5. Be2 Nf6 6. 0-0 e6 7. d3 c6 8. h3 Bh5 9. Bg5 Nbd7 10. Ne4 Qc7 11. Nxf6+ gxf6 12. Bh4 Bd6 13. Nd2 Bg6 14. Ne4 Bxe4 15. dxe4 0-0-0 16. Qd3 Ne5 17. Qe3 Qe7 18. Qxa7 Rhg8 19. Rad1 Ng6 20. Bg3 Nf4 21. Bf3 Rxg3 22. Qa8+ Kc7 23. Qa5+ Kc8 24. fxg3 Ng6 25. Rd3 Ne5 26. Rb3 Kb8 27. Be2 Bc5+ 28. Kh2 b6 29. Rxb6+ Bxb6 30. Qxb6+ Ka8 31. a4 1-0

[Event "POR-ch Seniors 65+"]
[Site "Luso"]
[Date "2017.04.11"]
[Round "4"]
[White "Lavrador, Rodolfo Manuel"]
[Black "Mendes, Alberto Correia"]
[Result "1-0"]
[WhiteElo "1852"]
[BlackElo "1683"]
[PlyCount "97"]
[EventDate "2017.04.09"]
[EventType "swiss"]
[EventRounds "5"]
[EventCountry "POR"]
[SourceTitle "EXT 2018"]
[Source "ChessBase"]
[SourceDate "2017.10.13"]
[SourceVersion "1"]
[SourceVersionDate "2017.10.13"]
[SourceQuality "1"]

1. e4 e5 2. Nf3 Nc6 3. Bb5 d6 4. c3 Bd7 5. 0-0 Be7 6. d4 exd4 7. cxd4 Nf6 8. Nc3 0-0 9. h3 h6 10. Bf4 a6 11. Ba4 b5 12. Bc2 Nh7 13. Rc1 Rc8 14. Bb1 Bg5 15. Bxg5 Nxg5 16. Nxg5 Qxg5 17. f4 Qd8 18. d5 Ne7 19. Ne2 c6 20. dxc6 Bxc6 21. Ng3 Qb6+ 22. Kh2 Rfd8 23. Qd3 Ng6 24. Nf5 Bb7 25. Qg3 Rxc1 26. Rxc1 Re8 27. Nxh6+ Kf8 28. Nf5 Bxe4 29. Bxe4 Rxe4 30. Rc8+ Re8 31. Qc3 f6 32. Rxe8+ Kxe8 33. Qc8+ Qd8 34. Nxg7+ Ke7 35. Nf5+ Ke8 36. Nxd6+ Ke7 37. Nf5+ Ke8 38. Nd6+ Ke7 39. Qxd8+ Kxd8 40. f5 Ne5 41. Ne4 Nd3 42. b3 b4 43. Nxf6 Nc1 44. Ne4 Nxa2 45. Kg3 a5 46. Kf4 a4 47. bxa4 b3 48. Nd2 b2 49. Nb1 1-0

[Event "POR-ch Seniors 65+ rapid"]
[Site "Luso"]
[Date "2017.04.08"]
[Round "2"]
[White "Curado, Antonio Mendes"]
[Black "Lavrador, Rodolfo Manuel"]
[Result "1/2-1/2"]
[WhiteElo "1576"]
[BlackElo "1815"]
[PlyCount "83"]
[EventDate "2017.04.08"]
[EventType "swiss (rapid)"]
[EventRounds "6"]
[EventCountry "POR"]
[SourceTitle "EXT 2018"]
[Source "ChessBase"]
[SourceDate "2017.10.13"]
[SourceVersion "1"]
[SourceVersionDate "2017.10.13"]
[SourceQuality "1"]

1. e4 e6 2. d4 d5 3. e5 c5 4. Nf3 cxd4 5. Nxd4 Nc6 6. Nxc6 bxc6 7. c3 Ne7 8. Nd2 Ng6 9. Nf3 Qc7 10. Qe2 a5 11. Qe3 Ba6 12. Bxa6 Rxa6 13. 0-0 Be7 14. h3 0-0 15. Qe2 Rfa8 16. Be3 Nxe5 17. Nxe5 Qxe5 18. f4 Qc7 19. Bd4 c5 20. Be5 Bd6 21. Rae1 Rb6 22. Qg4 Bxe5 23. fxe5 Rxb2 24. Rf3 Rab8 25. Kh2 Rb1 26. Rg3 g6 27. Ree3 Rf1 28. Rgf3 Rxf3 29. Qxf3 Qe7 30. Qg4 Rd8 31. h4 d4 32. cxd4 Rxd4 33. Re4 h5 34. Rxd4 cxd4 35. Qxd4 Qc7 36. Qf4 Qd8 37. Qc4 Kg7 38. a4 Qd5 39. Qf4 Qd8 40. Qc4 Qd5 41. Qf4 Qd8 42. Qc4 1/2-1/2

[Event "Lisbon Portugal rapid op"]
[Site "Lisbon"]
[Date "2017.02.11"]
[Round "6"]
[White "Bebchuk, Leonid"]
[Black "Lavrador, Rodolfo Manuel"]
[Result "0-1"]
[WhiteElo "2028"]
[BlackElo "1866"]
[PlyCount "85"]
[EventDate "2017.02.11"]
[EventType "swiss (rapid)"]
[EventRounds "8"]
[EventCountry "POR"]
[SourceTitle "CBM 176 Extra"]
[Source "ChessBase"]
[SourceDate "2017.03.02"]
[SourceVersion "1"]
[SourceVersionDate "2017.03.02"]
[SourceQuality "1"]

1. e4 e6 2. d3 d5 3. Nd2 Nf6 4. Ngf3 Be7 5. g3 c6 6. Bg2 0-0 7. 0-0 Nbd7 8. e5 Ne8 9. Re1 f6 10. exf6 Ndxf6 11. Nf1 Bd6 12. Ne5 Nd7 13. Bf4 Qf6 14. d4 Bxe5 15. dxe5 Qf7 16. Qd2 Nc7 17. c3 b6 18. h4 Ba6 19. Nh2 Rad8 20. a4 c5 21. b4 Bc4 22. Ng4 Qg6 23. Ne3 Bb3 24. Qb2 c4 25. Rac1 a5 26. Nc2 Bxa4 27. Nd4 axb4 28. Qxb4 b5 29. Nc6 Rde8 30. Qd6 Rf7 31. Qxc7 Nf6 32. Qb6 Ne4 33. Qe3 Ref8 34. Kh2 Kh8 35. f3 Rxf4 36. fxe4 Rxe4 37. Bxe4 dxe4 38. Nd4 Qh5 39. Rf1 Qe8 40. Rxf8+ Qxf8 41. Qf4 Qg8 42. Rf1 h6 43. Qf8 0-1

[Event "Lisbon Portugal rapid op"]
[Site "Lisbon"]
[Date "2017.02.11"]
[Round "8"]
[White "Lavrador, Rodolfo Manuel"]
[Black "Preto, Daniel Filipe Rodri"]
[Result "0-1"]
[WhiteElo "1866"]
[BlackElo "2023"]
[PlyCount "92"]
[EventDate "2017.02.11"]
[EventType "swiss (rapid)"]
[EventRounds "8"]
[EventCountry "POR"]
[SourceTitle "CBM 176 Extra"]
[Source "ChessBase"]
[SourceDate "2017.03.02"]
[SourceVersion "1"]
[SourceVersionDate "2017.03.02"]
[SourceQuality "1"]

1. e4 e6 2. d4 d5 3. Nc3 Bb4 4. e5 c5 5. a3 Bxc3+ 6. bxc3 Ne7 7. Qg4 Qc7 8. Qxg7 Rg8 9. Qxh7 cxd4 10. Ne2 dxc3 11. f4 Nbc6 12. Be3 Bd7 13. Bc5 0-0-0 14. Bxe7 Nxe7 15. Qxf7 Nf5 16. Qh5 Ne3 17. Rc1 Nxg2+ 18. Bxg2 Rxg2 19. Qf3 Rdg8 20. Ng3 Rd2 21. h4 d4 22. h5 Bc6 23. Ne4 Rdg2 24. Rd1 R8g3 25. Nd6+ Qxd6 26. Qxg3 Qd5 27. Qd3 Bb5 28. Qxc3+ dxc3 29. Rxd5 exd5 30. h6 Rg8 31. Kf2 Kd7 32. Ke3 Ke6 33. h7 Rh8 34. Rh6+ Kf7 35. Kd4 Kg7 36. Rh2 Bc6 37. f5 Rxh7 38. Rg2+ Kf7 39. Rg3 Rh5 40. f6 Ke6 41. Rg7 Rh4+ 42. Kxc3 Kxe5 43. f7 Rf4 44. Rh7 d4+ 45. Kc4 Bd5+ 46. Kd3 Be4+ 0-1

[Event "Lisbon Check Mate op 3rd"]
[Site "Lisbon"]
[Date "2015.08.13"]
[Round "6"]
[White "Sousa, Tadeu Filipe Leonar"]
[Black "Lavrador, Rodolfo Manuel"]
[Result "1-0"]
[WhiteElo "1799"]
[BlackElo "1936"]
[PlyCount "93"]
[EventDate "2015.08.08"]
[EventType "swiss"]
[EventRounds "7"]
[EventCountry "POR"]
[SourceTitle "EXT 2017"]
[Source "ChessBase"]
[SourceDate "2016.10.25"]
[SourceVersion "1"]
[SourceVersionDate "2016.10.25"]
[SourceQuality "1"]

1. e4 e6 2. d4 d5 3. Nd2 Nf6 4. Bd3 dxe4 5. Nxe4 Nc6 6. Nxf6+ Qxf6 7. Nf3 h6 8. 0-0 Bd6 9. c3 0-0 10. Nd2 e5 11. Ne4 Qh4 12. d5 Nd8 13. Nxd6 cxd6 14. f4 f5 15. Qe1 Qxe1 16. Rxe1 e4 17. Be2 Bd7 18. a4 Nf7 19. Kf2 g5 20. g3 Kg7 21. Ke3 gxf4+ 22. gxf4 Rg8 23. Bd2 Kf6 24. Rh1 a5 25. Be1 b6 26. Bh4+ Kg7 27. Be7 Rae8 28. Rhg1+ Kh7 29. Bf6 Rxg1 30. Rxg1 Rg8 31. Rxg8 Kxg8 32. Bb5 Bxb5 33. axb5 a4 34. Bd4 Nd8 35. Bxb6 Nb7 36. h4 h5 37. Kd4 Kf7 38. Kc4 Ke7 39. Kd4 Kd7 40. c4 Kc8 41. Kc3 Kd7 42. Be3 Kc7 43. b6+ Kc8 44. Kb4 Nc5 45. Kb5 Kb7 46. Bxc5 dxc5 47. d6 1-0

[Event "POR-ch prel"]
[Site "Lisbon"]
[Date "2015.03.09"]
[Round "3"]
[White "Antao, Jorge"]
[Black "Lavrador, Rodolfo Manuel"]
[Result "0-1"]
[WhiteElo "1829"]
[BlackElo "1969"]
[PlyCount "183"]
[EventDate "2015.03.08"]
[EventType "swiss"]
[EventRounds "9"]
[EventCountry "POR"]
[SourceTitle "EXT 2018"]
[Source "ChessBase"]
[SourceDate "2017.10.13"]
[SourceVersion "1"]
[SourceVersionDate "2017.10.13"]
[SourceQuality "1"]

1. e4 e6 2. d4 d5 3. exd5 exd5 4. Bd3 Bd6 5. Qf3 Qe7+ 6. Ne2 Be6 7. 0-0 Nd7 8. Bf4 Ngf6 9. h3 h6 10. Re1 0-0 11. Nd2 c5 12. Bxd6 Qxd6 13. dxc5 Nxc5 14. Nd4 Nce4 15. N2b3 Rac8 16. Rad1 Ng5 17. Qg3 Qxg3 18. fxg3 Nge4 19. g4 g6 20. c3 Rfe8 21. Nc1 Bd7 22. Nce2 Re7 23. Nf3 Rce8 24. Ned4 a6 25. Re2 Nc5 26. Rxe7 Rxe7 27. Bc2 b5 28. Re1 Rxe1+ 29. Nxe1 Nfe4 30. Nef3 Kg7 31. Kf1 Kf6 32. Ke2 a5 33. Nb3 a4 34. Nxc5 Nxc5 35. Ke3 Ne6 36. Nd4 Ke5 37. Nf3+ Kf6 38. a3 Be8 39. Bd3 g5 40. g3 Nc5 41. Nd4 Nxd3 42. Kxd3 Bd7 43. Ke3 Ke5 44. Nf3+ Kd6 45. Kd4 f6 46. Ne1 Be8 47. Nc2 Bg6 48. Ne3 Be4 49. h4 Kc6 50. c4 bxc4 51. Nxc4 Bf3 52. Ne3 Be4 53. Nd1 Bf3 54. Nf2 Kd6 55. Ke3 Bg2 56. Nd1 Ke5 57. Nf2 d4+ 58. Kd3 Kd5 59. Kd2 Kc4 60. Nd3 Bf3 61. Nf2 Bg2 62. Nd3 Be4 63. Nf2 Bb1 64. Kc1 Bh7 65. Kd2 Kb3 66. Nd3 Ka2 67. Nc5 Kxb2 68. Nxa4+ Kxa3 69. Nc5 Kb4 70. Nd7 f5 71. Nf6 gxh4 72. gxh4 fxg4 73. Nxg4 h5 74. Nf6 Bg6 75. Nd5+ Kc5 76. Nf4 Bf7 77. Nd3+ Kd5 78. Nb4+ Ke4 79. Nc6 d3 80. Nb4 Bc4 81. Nc6 Kf4 82. Kc3 Ba6 83. Nb4 Bb5 84. Nxd3+ Kg3 85. Ne5 Kxh4 86. Kd4 Kg3 87. Ke3 h4 88. Nf3 h3 89. Nd2 h2 90. Ne4+ Kg2 91. Nf2 Ba6 92. Kd4 0-1

[Event "POR-ch Seniors"]
[Site "Sao Pedro do Sul"]
[Date "2015.01.14"]
[Round "5"]
[White "Lavrador, Rodolfo Manuel"]
[Black "Nunes, Adelino Vitor"]
[Result "1-0"]
[WhiteElo "1988"]
[BlackElo "1588"]
[PlyCount "43"]
[EventDate "2015.01.11"]
[EventType "swiss"]
[EventRounds "7"]
[EventCountry "POR"]
[SourceTitle "EXT 2018"]
[Source "ChessBase"]
[SourceDate "2017.10.13"]
[SourceVersion "1"]
[SourceVersionDate "2017.10.13"]
[SourceQuality "1"]

1. e4 g6 2. d4 Bg7 3. Nf3 d6 4. Nc3 Bg4 5. Bc4 Nf6 6. 0-0 0-0 7. Bg5 h6 8. Be3 Nbd7 9. h3 Bxf3 10. Qxf3 e5 11. Rad1 Qc8 12. Qg3 a6 13. f4 exd4 14. Bxd4 b5 15. Bb3 Nh5 16. Qxg6 c5 17. Bxg7 Nxg7 18. Bd5 Ra7 19. Qxh6 Nb6 20. Rf3 Nxd5 21. Nxd5 Qe6 22. Nf6+ 1-0

[Event "Figueira da Foz op 8th"]
[Site "Figueira da Foz"]
[Date "2014.11.29"]
[Round "8"]
[White "Lavrador, Rodolfo Manuel"]
[Black "Sousa, Armindo"]
[Result "1/2-1/2"]
[WhiteElo "1981"]
[BlackElo "2187"]
[PlyCount "53"]
[EventDate "2014.11.23"]
[EventType "swiss"]
[EventRounds "9"]
[EventCountry "POR"]
[SourceTitle "CBM 163 Extra"]
[Source "ChessBase"]
[SourceDate "2014.12.23"]
[SourceVersion "1"]
[SourceVersionDate "2014.12.23"]
[SourceQuality "1"]

1. e4 d6 2. d4 Nf6 3. Nc3 g6 4. Nf3 Bg7 5. Be2 0-0 6. 0-0 Nc6 7. Re1 e5 8. dxe5 Nxe5 9. Nxe5 dxe5 10. Bg5 c6 11. Qxd8 Rxd8 12. Rad1 Be6 13. f3 Kf8 14. Kf2 Ke8 15. a3 Rxd1 16. Rxd1 Rd8 17. Rxd8+ Kxd8 18. b4 Kc7 19. Nd1 b6 20. Nb2 Nd7 21. Bc4 Bxc4 22. Nxc4 b5 23. Nb2 c5 24. Be3 Kc6 25. Ke2 Bf8 26. c3 f6 27. g3 1/2-1/2

[Event "Figueira da Foz op 8th"]
[Site "Figueira da Foz"]
[Date "2014.11.26"]
[Round "5"]
[White "Pais, Bruno Miguel Dos Sa"]
[Black "Lavrador, Rodolfo Manuel"]
[Result "1/2-1/2"]
[WhiteElo "1730"]
[BlackElo "1981"]
[PlyCount "88"]
[EventDate "2014.11.23"]
[EventType "swiss"]
[EventRounds "9"]
[EventCountry "POR"]
[SourceTitle "CBM 163 Extra"]
[Source "ChessBase"]
[SourceDate "2014.12.23"]
[SourceVersion "1"]
[SourceVersionDate "2014.12.23"]
[SourceQuality "1"]

1. d4 e6 2. c4 Bb4+ 3. Nc3 f5 4. Nf3 Nf6 5. Qb3 Bxc3+ 6. bxc3 0-0 7. Bg5 d6 8. e3 Qe8 9. Bxf6 Rxf6 10. Qb5 c6 11. Qb3 Nd7 12. g3 Kh8 13. a4 e5 14. Be2 f4 15. 0-0-0 e4 16. Nd2 f3 17. Bf1 a5 18. Bh3 Rb8 19. Kc2 g5 20. Rb1 h5 21. Bxd7 Bxd7 22. h4 g4 23. Qb6 c5 24. dxc5 Bxa4+ 25. Nb3 Re6 26. cxd6 Qc6 27. Qxc6 bxc6 28. Rhd1 Kg7 29. c5 Kf7 30. c4 Re5 31. Kc3 Bxb3 32. Rxb3 Rxb3+ 33. Kxb3 Ke8 34. Rd4 Kd7 35. Ka4 Rxc5 36. Kb3 Re5 37. Ka4 Re6 38. c5 Re5 39. Rc4 Rd5 40. Rc2 Rd1 41. Kxa5 Rb1 42. Ka4 Rb8 43. Ka3 Rb5 44. Rc4 Kd8 1/2-1/2